Sports Quiz

Random Sports Quiz

MLS Cup Champions Quiz Stats

 Plays Quiz not verified by Sporcle

Challenge
Share
Tweet
Embed
Score 0/14 Timer 05:00
0 Plays Today
% Correct
D.C. United
100%
D.C. United
87.5%
Chicago Fire
68.8%
D.C. United
68.8%
Houston Dynamo
62.5%
San Jose Earthquakes
62.5%
Los Angeles Galaxy
62.5%
% Correct
D.C. United
62.5%
Houston Dynamo
62.5%
Kansas City Wizards
56.3%
Los Angeles Galaxy
56.3%
San Jose Earthquakes
50%
Real Salt Lake
43.8%
Colombus Crew
37.5%

You're not logged in!

Compare scores with friends on all Sporcle quizzes.
Join for Free
OR
Log In

You Might Also Like...

Show Comments

Extras

Created Aug 31, 2010ReportNominate

Top Quizzes Today


Score Distribution

Your Account Isn't Verified!

In order to create a playlist on Sporcle, you need to verify the email address you used during registration. Go to your Sporcle Settings to finish the process.

Report this User

Report this user for behavior that violates our Community Guidelines.

Details: